000 00508nam a22001817a 4500
005 20231212101953.0
008 231212b ||||| |||| 00| 0 eng d
020 _a0534156002
040 _cAL
041 _aeng
082 _223
_a551.46
_bGARO
100 _aTom Garrison
_9145092
245 _aOceanography
_b: Invitation to marine science
260 _aAmerica
_bWadsworth Publishing Company
_c1993
300 _axvi,540p.
_bHB
_c28x22cm.
650 _2Geology,
_aOceanography
_9145093
942 _2ddc
_cBK
999 _c229463
_d229463